书目信息 |
| 题名: |
电路分析实验教程
|
|
| 作者: | 程荣龙 主编 | |
| 分册: | ||
| 出版信息: | 大连 大连理工大学出版社 2013 |
|
| 页数: | 112页 | |
| 开本: | 26cm | |
| 丛书名: | ||
| 单 册: | ||
| 中图分类: | TM133-33 | |
| 科图分类: | ||
| 主题词: | 电路分析--实验--高等教育--教材 | |
| 电子资源: | ||
| ISBN: | 978-7-5611-7733-4 | |
| 000 | 00828nam0 2200241 450 | |
| 001 | 0102831726 | |
| 005 | 20130506084303.0 | |
| 010 | @a978-7-5611-7733-4@dCNY18.00 | |
| 100 | @a20130422d2013 em y0chiy0120 ea | |
| 101 | 0 | @achi |
| 102 | @aCN@b210000 | |
| 105 | @ay z 000yy | |
| 106 | @ar | |
| 200 | 1 | @a电路分析实验教程@9Dian Lu Fen Xi Shi Yan Jiao Cheng @f程荣龙主编@b专著 |
| 210 | @a大连@c大连理工大学出版社@d2013 | |
| 215 | @a112页@d26cm | |
| 300 | @a普通高等教育电气工程与自动化课程规划教材 | |
| 330 | @a本书包括4章,内容涵盖电路实验测试基本知识、直流电阻电路与基本测量、动态电路、正弦稳态电路、常用电子仪器设备等。 | |
| 606 | 0 | @a电路分析@x实验@x高等教育@j教材 |
| 690 | @aTM133-33@v5 | |
| 701 | 0 | @a程荣龙@f(1964~)@4主编@9cheng rong long |
| 801 | 0 | @aCN@bAZmarc@c20230905 |
| 905 | @aBZT@dTM133@e13@f2@sTM133/13 | |
| 电路分析实验教程/程荣龙主编.-大连:大连理工大学出版社,2013 |
| 112页;26cm |
| 普通高等教育电气工程与自动化课程规划教材 |
| ISBN 978-7-5611-7733-4:CNY18.00 |
| 本书包括4章,内容涵盖电路实验测试基本知识、直流电阻电路与基本测量、动态电路、正弦稳态电路、常用电子仪器设备等。 |
| ● |
| 相关链接 |
|
|
|
正题名:电路分析实验教程
索取号:TM133/13
 
预约/预借
| 序号 | 登录号 | 条形码 | 馆藏地/架位号 | 状态 | 备注 |
| 1 | 2000005436 | 2000005436 | 旧书回溯/ [索取号:TM133/13] | 在馆 | |
| 2 | 2000005437 | 2000005437 | 旧书回溯/ [索取号:TM133/13] | 在馆 |